00560nam a2200217Ia 4500003000900000005001700009008004100026040001300067040001300080041000800093100001700101245010900118250002200227260002300249260000900272300001100281300001000292490000600302700001600308700001800324IT-RoPAU20220918175822.0120407s9999 xx 000 0 und d aIT-RoPAU cIT-RoPAU aita aA. Negrisolo aPadre Pio nella sua interiorità€. Figlio di Maria, francescano, sacerdote, apostolo, guida spirirtuale. aCinisello Balsamo aSan Paolo Edizioni c1997 a286 p. c22 cm v1 aN. Castello aS. M. Manelli